| 000 | 01058cad a22001935a 4500 | ||
|---|---|---|---|
| 001 | L152200 | ||
| 008 | 110209s2009 xxk f 000 0 eng d | ||
| 035 | _a(Sirsi) u152200 | ||
| 041 | 0 | _aeng | |
| 110 | 2 |
_aChartered Institute of Building _92134 |
|
| 245 | 0 | 0 |
_aSkills in the construction industry _h[electronic resource] |
| 260 |
_aAscot _bCIOB _c2009 |
||
| 520 | _aThe third skills survey from the CIOB shows that the industry is still suffering a skills shortage which will hinder the industry's recovery when the economy improves; the research focuses on skills shortages, graduate and apprenticeship recruitment and the impact of the economy; the future of skills in the construction industry, migrant workers, the value of professional qualifications. | ||
| 590 | _aKA | ||
| 651 | 4 |
_aUnited Kingdom _y |
|
| 690 | _aBUILT ENVIRONMENT-CONSTRUCTION MARKET | ||
| 856 | 4 | 0 |
_uhttps://www.ciob.org.uk/sites/ciob.org.uk/files/Skills%20in%20the%20Construction%20Industry%202009.pdf _zView the report free of charge (PDF file) at www.ciob.org.uk |
| 942 | _n0 | ||
| 999 |
_c111919 _d111919 |
||